[Event "Europa ch 2014"]
[Site "Yerevan ARM"]
[Date "2014.03.04"]
[Round "2.22"]
[White "Gabuzyan, Hovhannes"]
[Black "Popov, Ivan RUS"]
[Result "1/2-1/2"]
[WhiteElo "2537"]
[BlackElo "2650"]
[PlyCount "89"]
[EventDate "2014.03.03"]
[EventType "swiss"]
[EventRounds "11"]
[EventCountry "ARM"]
[Source "lmi"]
[SourceDate "2014.03.02"]

1. d4 Nf6 2. Nf3 g6 3. g3 Bg7 4. Bg2 O-O 5. c4 c5 6. O-O cxd4 7. Nxd4 Nc6 8.
Nc3 Qa5 9. Nb3 Qh5 10. c5 d6 11. cxd6 Rd8 12. e4 Qxd1 13. Rxd1 Rxd6 14. Rxd6
exd6 15. Bf4 Ne8 16. Rd1 Bg4 17. f3 Be6 18. Nc1 Rc8 19. N1e2 Ne5 20. Bc1 Bc4
21. Nf4 Kf8 22. Be3 Ba6 23. Bd4 Nc4 24. Bxg7+ Nxg7 25. b3 Ne3 26. Rc1 g5 27.
Bh3 f5 28. Ng2 Nxg2 29. Kxg2 g4 30. fxg4 fxe4 31. g5 Rc5 32. Kf2 Bd3 33. Ke3
Rxg5 34. Bf1 Rh5 35. Bxd3 exd3 36. Rf1+ Ke7 37. Rf2 Ne6 38. Kxd3 d5 39. b4 a5
40. a3 axb4 41. axb4 Re5 42. Ra2 Rf5 43. Ra7 Rf3+ 44. Kd2 Rf2+ 45. Ke3 1/2-1/2

[Event "Europa ch 2014"]
[Site "Yerevan ARM"]
[Date "2014.03.04"]
[Round "2.23"]
[White "Shimanov, Aleksandr"]
[Black "Nigalidze, Gaioz"]
[Result "1-0"]
[WhiteElo "2649"]
[BlackElo "2527"]
[PlyCount "61"]
[EventDate "2014.03.03"]
[EventType "swiss"]
[EventRounds "11"]
[EventCountry "ARM"]
[Source "lmi"]
[SourceDate "2014.03.02"]

1. d4 d5 2. c4 c6 3. cxd5 cxd5 4. Bf4 Nf6 5. Nc3 Qb6 6. Rc1 Nc6 7. e3 Qxb2 8.
Bd3 Nb4 9. Bb5+ Bd7 10. Bxd7+ Nxd7 11. Nge2 Nxa2 12. Nxa2 Qxa2 13. O-O e6 14.
Rc7 Qa6 15. Qb3 Bd6 16. Bxd6 Qxd6 17. Qxb7 Ke7 18. e4 dxe4 19. Rfc1 Rhb8 20.
Qxe4 Qd5 21. Qh4+ g5 22. Qxh7 Rb2 23. Qd3 Qb5 24. Qa3+ Qb4 25. Qf3 Rd8 26. Nc3
Qxd4 27. Ne4 f5 28. Nxg5 Rb6 29. Qh5 Qg7 30. Qh4 Rh8 31. Nh7+ 1-0

[Event "Europa ch 2014"]
[Site "Yerevan ARM"]
[Date "2014.03.04"]
[Round "2.24"]
[White "Prizant, Jaroslav"]
[Black "Hammer, Jon Ludvig"]
[Result "1/2-1/2"]
[WhiteElo "2534"]
[BlackElo "2647"]
[PlyCount "80"]
[EventDate "2014.03.03"]
[EventType "swiss"]
[EventRounds "11"]
[EventCountry "ARM"]
[Source "lmi"]
[SourceDate "2014.03.02"]

1. e4 e5 2. Nf3 Nc6 3. d4 exd4 4. Nxd4 Bc5 5. Nb3 Bb6 6. Nc3 Nf6 7. Bg5 h6 8.
Bh4 g5 9. Bg3 Qe7 10. Qe2 d6 11. h4 Rg8 12. hxg5 hxg5 13. O-O-O Bg4 14. f3 Be6
15. Na4 d5 16. Nxb6 axb6 17. Bxc7 Qxc7 18. exd5 Nxd5 19. Rxd5 Rxa2 20. Kb1 Ra7
21. Rb5 Qf4 22. Qe4 Qxe4 23. fxe4 Kd7 24. Rxb6 Kc7 25. Rb5 Bxb3 26. Rxb3 Rga8
27. Ra3 Rxa3 28. bxa3 Rxa3 29. Bc4 Rg3 30. Rh7 Ne5 31. Bxf7 Nxf7 32. Rxf7+ Kc6
33. Rf2 Kd6 34. Kc1 Ke5 35. Re2 b5 36. Kd2 b4 37. Ke1 Rc3 38. Kd2 Rg3 39. Ke1
Rc3 40. Kd2 Rg3 1/2-1/2

[Event "Europa ch 2014"]
[Site "Yerevan ARM"]
[Date "2014.03.04"]
[Round "2.26"]
[White "Can, Emre"]
[Black "Lupulescu, Constantin"]
[Result "0-1"]
[WhiteElo "2524"]
[BlackElo "2643"]
[PlyCount "102"]
[EventDate "2014.03.03"]
[EventType "swiss"]
[EventRounds "11"]
[EventCountry "ARM"]
[Source "lmi"]
[SourceDate "2014.03.02"]

1. Nf3 d5 2. d4 Nf6 3. c4 e6 4. Nc3 Bb4 5. cxd5 exd5 6. Bg5 h6 7. Bh4 g5 8. Bg3
Ne4 9. Nd2 Nxg3 10. hxg3 c6 11. e3 Be6 12. Qb3 Qb6 13. Be2 Nd7 14. a3 Bxc3 15.
Qxc3 O-O-O 16. b4 Kb8 17. Rb1 h5 18. a4 Qc7 19. Rxh5 Rxh5 20. Bxh5 g4 21. Ke2
Rh8 22. Rh1 Rh7 23. b5 Nf6 24. Qa3 Rxh5 25. Qf8+ Bc8 26. Rxh5 Nxh5 27. Qh6
Nxg3+ 28. fxg3 cxb5 29. axb5 Qxg3 30. b6 axb6 31. Qxb6 Qxg2+ 32. Kd3 Qh2 33.
Qd8 Qc7 34. Qxd5 b6 35. Ne4 Ba6+ 36. Kd2 Bb7 37. Qf5 Bc8 38. Qf6 Be6 39. Qg7
Kb7 40. Qg5 Qc6 41. Qe7+ Qc7 42. Qg5 f5 43. Qf6 Qd7 44. Ng3 Qd5 45. Qe7+ Ka6
46. Ne2 Qa2+ 47. Ke1 Bc4 48. Nf4 g3 49. Qc7 Qb1+ 50. Kd2 Qb2+ 51. Kd1 Bb3+ 0-1

[Event "Europa ch 2014"]
[Site "Yerevan ARM"]
[Date "2014.03.04"]
[Round "2.27"]
[White "Kuzubov, Yuriy"]
[Black "Neverov, Valeriy"]
[Result "1-0"]
[WhiteElo "2642"]
[BlackElo "2508"]
[PlyCount "109"]
[EventDate "2014.03.03"]
[EventType "swiss"]
[EventRounds "11"]
[EventCountry "ARM"]
[Source "lmi"]
[SourceDate "2014.03.02"]

1. c4 e6 2. g3 d5 3. Nf3 dxc4 4. Bg2 Nf6 5. O-O a6 6. Qc2 b5 7. Ne5 Nd5 8. d3
cxd3 9. Nxd3 Bb7 10. Nc3 Bd6 11. Nxd5 exd5 12. Bf4 O-O 13. Rfd1 c6 14. e4 Bxf4
15. Nxf4 Qd6 16. exd5 c5 17. Rac1 Rc8 18. Qc3 b4 19. Qe3 Nd7 20. Re1 Kf8 21.
Rcd1 Nf6 22. g4 Re8 23. Qg3 Kg8 24. g5 Rxe1+ 25. Rxe1 Re8 26. Rxe8+ Nxe8 27.
Nd3 a5 28. Qxd6 Nxd6 29. Nxc5 Kf8 30. f4 Ke7 31. Kf2 Bc8 32. Bf1 Bb7 33. Nxb7
Nxb7 34. Ke3 Nc5 35. Bb5 Kd6 36. Kd4 Nb7 37. h4 f6 38. gxf6 gxf6 39. Bd3 h6 40.
Kc4 Nc5 41. Bc2 Nd7 42. Kb5 Kxd5 43. Kxa5 Kc5 44. Bb3 Nb6 45. Ka6 Nc8 46. Kb7
Ne7 47. h5 Nf5 48. Kc7 Nd4 49. Bf7 f5 50. Kd7 Ne2 51. Ke6 Nxf4+ 52. Kxf5 Nd3
53. Kg6 Ne5+ 54. Kg7 Kd6 55. Bb3 1-0

[Event "Europa ch 2014"]
[Site "Yerevan ARM"]
[Date "2014.03.04"]
[Round "2.28"]
[White "Lie, Kjetil A"]
[Black "Fedoseev, Vladimir3"]
[Result "0-1"]
[WhiteElo "2509"]
[BlackElo "2641"]
[PlyCount "64"]
[EventDate "2014.03.03"]
[EventType "swiss"]
[EventRounds "11"]
[EventCountry "ARM"]
[Source "lmi"]
[SourceDate "2014.03.02"]

1. e4 c5 2. Nf3 e6 3. d4 cxd4 4. Nxd4 a6 5. Nc3 Qc7 6. Bd3 Nf6 7. f4 d6 8. Qf3
b5 9. g4 Nfd7 10. Be3 Nc5 11. O-O Nbd7 12. a3 g6 13. Rac1 Bg7 14. b4 Nb7 15.
Nce2 e5 16. Nf5 gxf5 17. exf5 Nd8 18. c4 Bb7 19. Qh3 e4 20. cxb5 Qb8 21. Bc4 d5
22. bxa6 Bxa6 23. Bxa6 Rxa6 24. Rfd1 Rxa3 25. Rxd5 Rd3 26. Rd1 Rxd5 27. Rxd5
Qxb4 28. g5 Nb6 29. Rd2 Nc4 30. f6 Nxd2 31. fxg7 Rg8 32. Bxd2 Qxd2 0-1

[Event "Europa ch 2014"]
[Site "Yerevan ARM"]
[Date "2014.03.04"]
[Round "2.29"]
[White "Antipov, Mikhail Al"]
[Black "Petrosian, Tigran L"]
[Result "1-0"]
[WhiteElo "2507"]
[BlackElo "2639"]
[PlyCount "87"]
[EventDate "2014.03.03"]
[EventType "swiss"]
[EventRounds "11"]
[EventCountry "ARM"]
[Source "lmi"]
[SourceDate "2014.03.02"]

1. b3 Nf6 2. Bb2 g6 3. Bxf6 exf6 4. c4 d5 5. cxd5 Qxd5 6. Nc3 Qd8 7. d4 Bb4 8.
Rc1 c5 9. d5 Qa5 10. Qd2 O-O 11. g3 Na6 12. Bg2 Nc7 13. e3 Bg4 14. a4 Rad8 15.
Nge2 Rd6 16. h3 Bxe2 17. Kxe2 Qa6+ 18. Qd3 Qxd3+ 19. Kxd3 Bxc3 20. Kxc3 Nxd5+
21. Bxd5 Rxd5 22. Rhd1 Rfd8 23. Rxd5 Rxd5 24. Kc4 Rd2 25. Kxc5 Rxf2 26. Kb4 b6
27. Rc7 a5+ 28. Kb5 Rf3 29. Rc3 Rxg3 30. Kxb6 f5 31. Kxa5 f4 32. b4 fxe3 33. b5
Kg7 34. b6 e2 35. Rc1 f5 36. Re1 f4 37. Rxe2 Rb3 38. Ka6 g5 39. b7 h5 40. Rc2
f3 41. Ka7 Rb4 42. a5 g4 43. hxg4 hxg4 44. Rf2 1-0

[Event "Europa ch 2014"]
[Site "Yerevan ARM"]
[Date "2014.03.04"]
[Round "2.30"]
[White "Najer, Evgeniy"]
[Black "Zoler, Dan"]
[Result "1-0"]
[WhiteElo "2633"]
[BlackElo "2504"]
[PlyCount "127"]
[EventDate "2014.03.03"]
[EventType "swiss"]
[EventRounds "11"]
[EventCountry "ARM"]
[Source "lmi"]
[SourceDate "2014.03.02"]

1. e4 e5 2. Nf3 Nc6 3. Bb5 a6 4. Ba4 Nf6 5. O-O Be7 6. Re1 b5 7. Bb3 d6 8. c3
O-O 9. h3 Nb8 10. d4 Nbd7 11. Nbd2 Bb7 12. Bc2 Re8 13. Nf1 Bf8 14. Ng3 g6 15.
Bg5 h6 16. Bd2 Bg7 17. a4 c6 18. Be3 Qc7 19. Qd2 Kh7 20. Bb3 Nf8 21. c4 exd4
22. Bxd4 Ne6 23. Bc3 bxc4 24. Bxc4 d5 25. Be5 Qe7 26. exd5 cxd5 27. Bd3 Kg8 28.
b4 Rad8 29. Qb2 d4 30. Nh4 Qd7 31. Qd2 Ng5 32. f4 Nxh3+ 33. gxh3 Qxh3 34. Qh2
Qxh2+ 35. Kxh2 Ng4+ 36. Kg1 Bxe5 37. fxe5 Nxe5 38. Be4 Bxe4 39. Nxe4 Kg7 40.
Nd2 Re6 41. Rab1 Rd5 42. Nhf3 Nxf3+ 43. Nxf3 Rf6 44. Re5 Rd7 45. Nd2 d3 46. b5
axb5 47. axb5 Rb6 48. Kf2 h5 49. Nc4 Rb8 50. Ke3 h4 51. b6 h3 52. Rb2 f6 53.
Rc5 Re8+ 54. Kf3 Ree7 55. Kg3 g5 56. Kxh3 Kg6 57. Kg3 Rh7 58. Rc6 Rd8 59. Rf2
Rf8 60. Ne5+ Kg7 61. Rc7+ Kg8 62. Rxh7 Kxh7 63. Nd7 Rd8 64. b7 1-0

[Event "Europa ch 2014"]
[Site "Yerevan ARM"]
[Date "2014.03.04"]
[Round "2.31"]
[White "Rozum, Ivan"]
[Black "Swiercz, Dariusz"]
[Result "1-0"]
[WhiteElo "2505"]
[BlackElo "2631"]
[PlyCount "95"]
[EventDate "2014.03.03"]
[EventType "swiss"]
[EventRounds "11"]
[EventCountry "ARM"]
[Source "lmi"]
[SourceDate "2014.03.02"]

1. d4 Nf6 2. c4 e6 3. Nf3 d5 4. Nc3 Bb4 5. Qb3 c5 6. dxc5 Nc6 7. Bg5 Qa5 8.
Bxf6 dxc4 9. Qxc4 gxf6 10. Rc1 Bxc5 11. a3 Bd7 12. e3 Rc8 13. Be2 Ne5 14. Nxe5
fxe5 15. Qd3 Bc6 16. O-O Be7 17. Bf3 O-O 18. Qe2 Rfd8 19. Bxc6 Rxc6 20. Qg4+
Kh8 21. Qh5 Kg7 22. Qg4+ Kh8 23. Qh5 Kg7 24. Ne4 Rxc1 25. Rxc1 h6 26. h3 f5 27.
Ng3 Qd2 28. Rc7 Qd1+ 29. Kh2 Qxh5 30. Nxh5+ Kf8 31. Rxb7 Rd2 32. Kg3 a5 33. Kf3
Bh4 34. g3 Bg5 35. g4 Bh4 36. Ng3 e4+ 37. Kg2 Rd5 38. a4 Be7 39. gxf5 exf5 40.
Rb5 Rxb5 41. axb5 a4 42. Nxf5 Bf6 43. Nd4 Ke7 44. b6 Kd6 45. b7 Kc7 46. Ne6+
Kxb7 47. Nc5+ Kc6 48. Nxa4 1-0

[Event "Europa ch 2014"]
[Site "Yerevan ARM"]
[Date "2014.03.04"]
[Round "2.32"]
[White "Kovalenko, Igor"]
[Black "Aghasaryan, Robert"]
[Result "1-0"]
[WhiteElo "2626"]
[BlackElo "2503"]
[PlyCount "75"]
[EventDate "2014.03.03"]
[EventType "swiss"]
[EventRounds "11"]
[EventCountry "ARM"]
[Source "lmi"]
[SourceDate "2014.03.02"]

1. d4 d5 2. c4 e6 3. Nc3 Be7 4. Bf4 Nf6 5. e3 O-O 6. a3 b6 7. Nb5 Na6 8. Nf3
Bb7 9. Be2 c6 10. Nc3 dxc4 11. Bxc4 b5 12. Bd3 b4 13. Ne4 Nd5 14. O-O bxa3 15.
bxa3 Nxf4 16. exf4 c5 17. Qe2 c4 18. Bxc4 Nc7 19. Rab1 Rb8 20. a4 Nd5 21. g3
Bc6 22. Rxb8 Qxb8 23. Ne5 Bxa4 24. f5 Be8 25. fxe6 fxe6 26. Qg4 Qb6 27. Nc5 Nc7
28. Ncd7 Bxd7 29. Nxd7 Qc6 30. Nxf8 Qxc4 31. Nd7 Nb5 32. Rb1 a6 33. Qe4 Qd5 34.
Qxd5 exd5 35. Ra1 Nxd4 36. Rxa6 Nb5 37. Ne5 h5 38. Ng6 1-0

[Event "Europa ch 2014"]
[Site "Yerevan ARM"]
[Date "2014.03.04"]
[Round "2.33"]
[White "Popilski, Gil"]
[Black "Potkin, Vladimir"]
[Result "1/2-1/2"]
[WhiteElo "2503"]
[BlackElo "2625"]
[PlyCount "96"]
[EventDate "2014.03.03"]
[EventType "swiss"]
[EventRounds "11"]
[EventCountry "ARM"]
[Source "lmi"]
[SourceDate "2014.03.02"]

1. e4 c5 2. Nf3 e6 3. d4 cxd4 4. Nxd4 Nc6 5. Nc3 Qc7 6. Be3 a6 7. Qf3 Bb4 8.
Nxc6 bxc6 9. Bd4 f6 10. a3 c5 11. Be3 Bxc3+ 12. bxc3 Bb7 13. Qh5+ g6 14. Qxc5
Qxc5 15. Bxc5 Bxe4 16. Kd2 Ne7 17. f3 Bc6 18. Bd3 Kf7 19. Rhb1 Rhc8 20. Rb6 a5
21. c4 h5 22. Rab1 g5 23. Bd6 g4 24. Ke3 e5 25. Rb8 Ke6 26. c5 Nf5+ 27. Bxf5+
Kxf5 28. Rxc8 Rxc8 29. Rb8 Rxb8 30. Bxb8 Ke6 31. Bc7 a4 32. c4 f5 33. f4 exf4+
34. Bxf4 Bxg2 35. Bg3 Bf1 36. Kd4 Be2 37. Bh4 Bf1 38. Bg5 Kf7 39. Ke5 Kg6 40.
Bh4 Bxc4 41. Bd8 Bd3 42. Bh4 Kf7 43. Bd8 f4 44. Kxf4 Ke6 45. Ba5 Kd5 46. Bb4
Kd4 47. Kg3 Ke3 48. Bc3 Bb5 1/2-1/2

[Event "Europa ch 2014"]
[Site "Yerevan ARM"]
[Date "2014.03.04"]
[Round "2.34"]
[White "Artemiev, Vladislav"]
[Black "Babujian, Levon"]
[Result "1-0"]
[WhiteElo "2621"]
[BlackElo "2491"]
[PlyCount "103"]
[EventDate "2014.03.03"]
[EventType "swiss"]
[EventRounds "11"]
[EventCountry "ARM"]
[Source "lmi"]
[SourceDate "2014.03.02"]

1. e4 e5 2. Nf3 Nc6 3. Nc3 Nf6 4. Bb5 Nd4 5. Bc4 Bc5 6. d3 d6 7. Na4 b5 8. Nxd4
bxc4 9. Nf3 Bb6 10. Bg5 cxd3 11. Qxd3 Qd7 12. Nc3 Ng4 13. Bh4 f6 14. Nd2 Bb7
15. Nc4 O-O 16. f3 Nh6 17. O-O-O Qe6 18. Nd5 Rf7 19. g4 Kh8 20. Be1 Ng8 21. Qb3
Bc8 22. Qa3 Rb8 23. Bb4 Bd4 24. c3 Bb6 25. Rd2 Qd7 26. Ncxb6 axb6 27. Nxc7 Qxc7
28. Bxd6 Qb7 29. Bxb8 Qxb8 30. Rhd1 Qa7 31. Qb3 Re7 32. Rd6 b5 33. Kb1 h5 34.
gxh5 Kh7 35. Qxb5 Bh3 36. Qe2 Nh6 37. Ra6 Qc5 38. Ra8 Nf7 39. Qe1 Be6 40. Qg3
Ng5 41. Rdd8 Bxa2+ 42. Rxa2 Qc4 43. Raa8 Qf1+ 44. Ka2 Qc4+ 45. b3 Qe2+ 46. Ka3
g6 47. Rh8+ Kg7 48. Rag8+ Kf7 49. hxg6+ Ke6 50. Qg4+ Kd6 51. Rd8+ Kc6 52. Qc8+
1-0

[Event "Europa ch 2014"]
[Site "Yerevan ARM"]
[Date "2014.03.04"]
[Round "2.36"]
[White "Perunovic, Milos"]
[Black "Minasian, Artashes"]
[Result "0-1"]
[WhiteElo "2617"]
[BlackElo "2482"]
[PlyCount "78"]
[EventDate "2014.03.03"]
[EventType "swiss"]
[EventRounds "11"]
[EventCountry "ARM"]
[Source "lmi"]
[SourceDate "2014.03.02"]

1. e4 c6 2. d4 d5 3. e5 Bf5 4. h4 h6 5. g4 Bd7 6. h5 c5 7. dxc5 e6 8. Nf3 Bxc5
9. Bd3 Nc6 10. Nbd2 Qc7 11. Qe2 Bd4 12. Nb3 Bxe5 13. Nxe5 Qxe5 14. Be3 d4 15.
Bd2 Nf6 16. O-O-O Qxe2 17. Bxe2 e5 18. f3 O-O-O 19. g5 Nd5 20. Bc4 Bf5 21. gxh6
gxh6 22. Nc5 b6 23. Ne4 Be6 24. Rhg1 Nce7 25. Rde1 Nf5 26. Bxd5 Bxd5 27. f4 Nh4
28. fxe5 Nf3 29. Nd6+ Kd7 30. Nf5 Nxg1 31. Rxg1 Rdg8 32. Re1 Rg2 33. Nxd4 Rh2
34. Ne2 Rh1 35. Rxh1 Bxh1 36. Ng3 Rg8 37. Be1 Bf3 38. Nf5 Bxh5 39. Kd2 Ke6 0-1

[Event "Europa ch 2014"]
[Site "Yerevan ARM"]
[Date "2014.03.04"]
[Round "2.37"]
[White "Raznikov, Danny"]
[Black "Ipatov, Alexander"]
[Result "0-1"]
[WhiteElo "2490"]
[BlackElo "2614"]
[PlyCount "56"]
[EventDate "2014.03.03"]
[EventType "swiss"]
[EventRounds "11"]
[EventCountry "ARM"]
[Source "lmi"]
[SourceDate "2014.03.02"]

1. d4 d6 2. Nf3 Nf6 3. c4 g6 4. g3 Bg7 5. Bg2 O-O 6. O-O Qe8 7. Nc3 e5 8. e4
Bg4 9. d5 Na6 10. h3 Bd7 11. Ne1 Nh5 12. Nd3 f5 13. b4 Nf6 14. Kh2 Qc8 15. f3
c6 16. dxc6 bxc6 17. Ba3 Nc7 18. c5 d5 19. Nxe5 f4 20. g4 Nxg4+ 21. hxg4 Bxe5
22. Bb2 Qd8 23. exd5 Nxd5 24. Nxd5 Bxb2 25. Ne7+ Kg7 26. Qe2 Bf6 27. Rfe1 Rf7
28. g5 Bxa1 0-1

[Event "Europa ch 2014"]
[Site "Yerevan ARM"]
[Date "2014.03.04"]
[Round "2.38"]
[White "Jurcik, Marian"]
[Black "Melkumyan, Hrant"]
[Result "1/2-1/2"]
[WhiteElo "2481"]
[BlackElo "2613"]
[PlyCount "82"]
[EventDate "2014.03.03"]
[EventType "swiss"]
[EventRounds "11"]
[EventCountry "ARM"]
[Source "lmi"]
[SourceDate "2014.03.02"]

1. c4 Nf6 2. Nc3 e6 3. e4 d5 4. cxd5 exd5 5. e5 Ne4 6. Nf3 Nc6 7. Bb5 Nxc3 8.
dxc3 Be7 9. Nd4 Bd7 10. Nxc6 Bxc6 11. Bxc6+ bxc6 12. Qg4 g6 13. Bh6 Qd7 14. h3
Rg8 15. Be3 c5 16. O-O-O c6 17. Rhe1 Qxg4 18. hxg4 h5 19. gxh5 gxh5 20. g3 Kd7
21. Rh1 Rh8 22. Rh3 Rag8 23. Rdh1 h4 24. gxh4 Rh5 25. Rg3 Rgh8 26. Rg4 c4 27.
b3 cxb3 28. axb3 Bxh4 29. Kc2 a5 30. Bb6 Ke6 31. Ra4 Bg5 32. Rxh5 Rxh5 33. Rxa5
Bf4 34. Rc5 Kd7 35. c4 Bxe5 36. Ra5 Rf5 37. Be3 Bc7 38. Ra7 Kc8 39. Ra8+ Kb7
40. Ra7+ Kb8 41. Ra6 Kb7 1/2-1/2

[Event "Europa ch 2014"]
[Site "Yerevan ARM"]
[Date "2014.03.04"]
[Round "2.39"]
[White "Pashikian, Arman"]
[Black "Firat, Burak"]
[Result "1-0"]
[WhiteElo "2612"]
[BlackElo "2480"]
[PlyCount "103"]
[EventDate "2014.03.03"]
[EventType "swiss"]
[EventRounds "11"]
[EventCountry "ARM"]
[Source "lmi"]
[SourceDate "2014.03.02"]

1. d4 d5 2. Nf3 c6 3. c4 e6 4. Nbd2 Nf6 5. g3 Nbd7 6. Bg2 Be7 7. O-O O-O 8. Qc2
b6 9. e4 Bb7 10. e5 Ne8 11. cxd5 cxd5 12. Re1 Rc8 13. Qa4 Bc6 14. Qd1 b5 15.
Nf1 b4 16. h4 Bb5 17. Bf4 Qb6 18. Ne3 Qa6 19. Bg5 f6 20. exf6 Nexf6 21. Bh3
Rce8 22. Ng2 Ne4 23. Nf4 Bf6 24. a4 bxa3 25. Rxa3 Qb6 26. Rb3 a6 27. Nxd5 exd5
28. Bxd7 Nxf2 29. Rxe8 Nxd1 30. Be6+ Qxe6 31. Rxe6 Bc4 32. Rb7 Bxg5 33. Nxg5
Rf1+ 34. Kg2 Rf2+ 35. Kg1 Rf1+ 36. Kh2 Rf2+ 37. Kh1 Rf1+ 38. Kh2 Rf2+ 39. Kh3
Bf1+ 40. Kg4 Rf8 41. h5 Nf2+ 42. Kh4 h6 43. Rg6 hxg5+ 44. Rxg5 Bd3 45. Rgxg7+
Kh8 46. Rgf7 Rxf7 47. Rxf7 Nd1 48. g4 Nxb2 49. g5 Nc4 50. g6 Nd6 51. Ra7 Nb5
52. Ra8+ 1-0

[Event "Europa ch 2014"]
[Site "Yerevan ARM"]
[Date "2014.03.04"]
[Round "2.41"]
[White "Hovhannisyan, Robert"]
[Black "Nadanian, Ashot"]
[Result "1-0"]
[WhiteElo "2611"]
[BlackElo "2399"]
[PlyCount "78"]
[EventDate "2014.03.03"]
[EventType "swiss"]
[EventRounds "11"]
[EventCountry "ARM"]
[Source "lmi"]
[SourceDate "2014.03.02"]

1. e4 e5 2. Nf3 Nc6 3. Bb5 f5 4. Nc3 fxe4 5. Nxe4 Nf6 6. Nxf6+ Qxf6 7. Qe2 Be7
8. Bxc6 bxc6 9. d4 exd4 10. Bg5 Qe6 11. Qxe6 dxe6 12. Bxe7 Kxe7 13. Nxd4 c5 14.
Nb3 Rb8 15. O-O-O Rf8 16. f3 Rb5 17. Rhe1 Rf5 18. Re4 Rg5 19. Rd2 Bd7 20. f4
Rh5 21. g4 Rh4 22. f5 Rb4 23. Rxd7+ Kxd7 24. Nxc5+ Kd6 25. Rxb4 Kxc5 26. fxe6
Kd6 27. Re4 Ke7 28. Rc4 Kxe6 29. Rxc7 Rxg4 30. Rxa7 h5 31. a4 g5 32. b3 Rh4 33.
a5 Rxh2 34. a6 Rh1+ 35. Kb2 Rd1 36. Ra8 Rd7 37. a7 Kd6 38. Rg8 Rxa7 39. Rg6+
Kd5 1-0

[Event "Europa ch 2014"]
[Site "Yerevan ARM"]
[Date "2014.03.04"]
[Round "2.42"]
[White "Alekseenko, Kirill"]
[Black "Pantsulaia, Levan"]
[Result "1/2-1/2"]
[WhiteElo "2461"]
[BlackElo "2606"]
[PlyCount "98"]
[EventDate "2014.03.03"]
[EventType "swiss"]
[EventRounds "11"]
[EventCountry "ARM"]
[Source "lmi"]
[SourceDate "2014.03.02"]

1. e4 c6 2. d4 d5 3. e5 Bf5 4. Nf3 e6 5. Be2 Be7 6. O-O Nh6 7. Nbd2 O-O 8. Nb3
Nd7 9. a4 c5 10. Nxc5 Nxc5 11. dxc5 Bxc5 12. Bg5 Qb6 13. Qc1 Ng4 14. Bh4 Be4
15. Bg3 Nh6 16. a5 Qc7 17. c3 Nf5 18. Bf4 Bxf3 19. Bxf3 Nh4 20. Bh5 Ng6 21.
Bxg6 hxg6 22. Qd2 a6 23. Rfd1 Rac8 24. h4 Ba7 25. Be3 Bb8 26. Bd4 f5 27. f4 Qc4
28. Kh2 Kf7 29. Rh1 Rh8 30. Kg3 Bc7 31. Kf3 Bd8 32. g3 Qb5 33. Qe2 Rc4 34. b3
Rc6 35. Rhb1 Be7 36. Ke3 Rd8 37. Qxb5 axb5 38. b4 Kg8 39. Rh1 Kh7 40. Rag1 Rh8
41. h5 g5 42. g4 Rf8 43. fxg5 Bxg5+ 44. Ke2 fxg4 45. Rxg4 Rf5 46. Rhg1 Bh6 47.
Rf1 Rxf1 48. Kxf1 Kg8 49. Ke2 Kf7 1/2-1/2

[Event "Europa ch 2014"]
[Site "Yerevan ARM"]
[Date "2014.03.04"]
[Round "2.43"]
[White "Salgado Lopez, Ivan"]
[Black "Arabidze, Meri"]
[Result "1-0"]
[WhiteElo "2605"]
[BlackElo "2388"]
[PlyCount "91"]
[EventDate "2014.03.03"]
[EventType "swiss"]
[EventRounds "11"]
[EventCountry "ARM"]
[Source "lmi"]
[SourceDate "2014.03.02"]

1. e4 c5 2. c3 Nf6 3. e5 Nd5 4. Nf3 e6 5. d4 cxd4 6. cxd4 d6 7. Bc4 Nb6 8. Bd3
Nc6 9. a3 dxe5 10. dxe5 Qc7 11. Bf4 Nd5 12. Bg3 Be7 13. Nbd2 g5 14. Rc1 h5 15.
h4 g4 16. Nd4 Qa5 17. Nxc6 bxc6 18. Qe2 Bb7 19. O-O O-O-O 20. Nc4 Qc7 21. b4
Kb8 22. Na5 Qb6 23. Rc4 Rc8 24. Rfc1 Qd8 25. Nxc6+ Rxc6 26. Rxc6 Bxc6 27. Rxc6
Bxh4 28. Rd6 Qg5 29. Bxh4 Qxh4 30. Ba6 Qe7 31. Qb5+ Nb6 32. Rxb6+ axb6 33.
Qxb6+ Ka8 34. Bb5 Rc8 35. Bc6+ Rxc6 36. Qxc6+ Ka7 37. g3 Qd8 38. a4 Qd1+ 39.
Kg2 Qe2 40. Qc7+ Ka8 41. Qc6+ Ka7 42. Qc5+ Kb7 43. a5 Qf3+ 44. Kg1 h4 45. gxh4
g3 46. Qe3 1-0

[Event "Europa ch 2014"]
[Site "Yerevan ARM"]
[Date "2014.03.04"]
[Round "2.44"]
[White "Kozlitin, Roman"]
[Black "Fridman, Daniel"]
[Result "1/2-1/2"]
[WhiteElo "2365"]
[BlackElo "2604"]
[PlyCount "32"]
[EventDate "2014.03.03"]
[EventType "swiss"]
[EventRounds "11"]
[EventCountry "ARM"]
[Source "lmi"]
[SourceDate "2014.03.02"]

1. e4 e6 2. d4 d5 3. Nc3 Nf6 4. Bg5 dxe4 5. Nxe4 Nbd7 6. Nf3 h6 7. Nxf6+ Nxf6
8. Be3 Bd6 9. Bd3 O-O 10. Qd2 Nd5 11. Bxh6 gxh6 12. Qxh6 f5 13. Qg6+ Kh8 14.
Qh6+ Kg8 15. Qg6+ Kh8 16. Qh6+ Kg8 1/2-1/2

[Event "Europa ch 2014"]
[Site "Yerevan ARM"]
[Date "2014.03.04"]
[Round "2.45"]
[White "Zhigalko, Andrey"]
[Black "Torosyan, Norayr"]
[Result "1-0"]
[WhiteElo "2603"]
[BlackElo "2216"]
[PlyCount "69"]
[EventDate "2014.03.03"]
[EventType "swiss"]
[EventRounds "11"]
[EventCountry "ARM"]
[Source "lmi"]
[SourceDate "2014.03.02"]

1. d4 Nf6 2. c4 e6 3. Nc3 Bb4 4. Qc2 c5 5. dxc5 O-O 6. a3 Bxc5 7. Nf3 b6 8. Bf4
Nh5 9. Bg5 f6 10. Bd2 f5 11. e4 f4 12. b4 Be7 13. e5 Bb7 14. Bd3 g6 15. Ne4 a5
16. b5 Bxe4 17. Bxe4 Ra7 18. g4 fxg3 19. hxg3 Ng7 20. Ke2 d5 21. exd6 Bxd6 22.
Rad1 Rd7 23. Bc3 Qc7 24. Bb2 Rdf7 25. Rxd6 Qxd6 26. Bxg6 hxg6 27. Qxg6 Rd8 28.
Bd4 e5 29. Qh7+ Kf8 30. Nxe5 Rxf2+ 31. Ke1 Qxd4 32. Qh8+ Ke7 33. Qxg7+ Ke6 34.
Rh6+ Kf5 35. Qg6+ 1-0

[Event "Europa ch 2014"]
[Site "Yerevan ARM"]
[Date "2014.03.04"]
[Round "2.46"]
[White "Tiraturyan, David"]
[Black "Andriasian, Zaven"]
[Result "0-1"]
[WhiteElo "2201"]
[BlackElo "2600"]
[PlyCount "80"]
[EventDate "2014.03.03"]
[EventType "swiss"]
[EventRounds "11"]
[EventCountry "ARM"]
[Source "lmi"]
[SourceDate "2014.03.02"]

1. e4 c5 2. Nf3 d6 3. Bb5+ Nc6 4. O-O Bd7 5. Re1 Nf6 6. Bxc6 Bxc6 7. e5 dxe5 8.
Nxe5 Rc8 9. d3 g6 10. Nc3 Bg7 11. Qe2 Bd5 12. Bg5 O-O 13. Ng4 Be6 14. Nxf6+
exf6 15. Be3 f5 16. Qd2 Re8 17. Bh6 Bf6 18. Rad1 Qb6 19. b3 Qb4 20. Ne2 b5 21.
c3 Qh4 22. Be3 c4 23. Bxa7 cxb3 24. axb3 Bxb3 25. Rb1 Bd5 26. Rxb5 Bxg2 27.
Kxg2 Qa4 28. c4 Qxa7 29. Nc3 Qd4 30. Nd5 Qg4+ 31. Kh1 Bg5 32. f4 Bh4 33. Re3
Rxe3 34. Qxe3 Qd1+ 35. Kg2 Ra8 36. Nc3 Qg4+ 37. Kh1 Ra1+ 38. Rb1 Rxb1+ 39. Nxb1
Qd1+ 40. Qg1 Qxd3 0-1

[Event "Europa ch 2014"]
[Site "Yerevan ARM"]
[Date "2014.03.04"]
[Round "2.49"]
[White "Moiseenko, Alexander"]
[Black "Mkrtchian, Lilit"]
[Result "1-0"]
[WhiteElo "2712"]
[BlackElo "2465"]
[PlyCount "81"]
[EventDate "2014.03.03"]
[EventType "swiss"]
[EventRounds "11"]
[EventCountry "ARM"]
[Source "lmi"]
[SourceDate "2014.03.02"]

1. d4 d5 2. c4 e6 3. Nf3 Nf6 4. Nc3 Be7 5. Bf4 O-O 6. a3 b6 7. Qc2 c5 8. Rd1
Bb7 9. cxd5 exd5 10. e3 Nbd7 11. Be2 Rc8 12. O-O cxd4 13. Nxd4 Ne4 14. Bg4 Nxc3
15. bxc3 Rc4 16. Be2 Rc8 17. c4 Nf6 18. Qa4 a6 19. Nf5 Rc5 20. Bf3 b5 21. Qb4
Re8 22. cxd5 Nxd5 23. Qd4 f6 24. Bh6 g6 25. Ng7 Nc3 26. Qxd8 Rxd8 27. Rxd8+
Bxd8 28. Bxb7 Kf7 29. e4 a5 30. f4 Be7 31. e5 Rc7 32. Bf3 Bxa3 33. exf6 Bc5+
34. Kh1 b4 35. f5 b3 36. Ne6 Rc8 37. fxg6+ Kxg6 38. Bd2 Bb4 39. Bxc3 Bxc3 40.
Be4+ Kh6 41. Rf3 1-0